00796nam a22002057a 450000500170000001000130001702000250003003500130005503700160006804000120008408200210009624501200011724600810023726000470031827001020036530000200046765000420048765000340052970000270056320170123162302.0 aB-123554 c350.00a818939369008 aB-123554 bCen Lib/Ret aDPLbUR a004.03bک م پ aکمپیکٹ کمپیوٹر دکتیونرے : انگلش تو اردو /cکومپلڈ بی سید وقار الی acompact computer dictionary : english to urdu bcompiled by Sayed Waqar Ali  aنیو دیلھیbکتاب والاc2005 bنیو دیلھیa٢٧٩٤، گلی جھوٹ والی ، پہاڑی بھوجلہ e١١٠٠٠٦ a464p.c21cm(Hb) aاردو لنگاُگےvڈکشنری zUrdu language vDictionaries  aسید وقار الی